Lettre par Lettre - Pays #1 - Statistiques

Statistiques générales
  • Ce quiz a été pris 725 fois
    724 depuis la dernière actualisation
  • Le résultat moyen est 38 sur 46
Statistiques - réponses
Réponse % Correct
A
99%
B
95%
O
94%
S
94%
H
93%
Ba
89%
Ho
89%
Hon
89%
So
88%
Ou
86%
Bah
83%
Hond
83%
Au
82%
Hondu
82%
Hondur
82%
Ouz
82%
Ouzb
82%
Sou
82%
Hondura
81%
Ouzbé
81%
Honduras
80%
Ouzbék
80%
Ouzbéki
80%
Soud
80%
Souda
80%
Aus
79%
Aust
79%
Austr
79%
Austra
79%
Baha
79%
Baham
79%
Ouzbékis
79%
Soudan
79%
Austral
78%
Bahama
78%
Bahamas
78%
Ouzbékist
78%
Ouzbékista
78%
Australi
77%
Australie
77%
Ouzbékistan
77%
Soudan d
75%
Soudan du
75%
Soudan du S
74%
Soudan du Su
73%
Soudan du Sud
72%
Aucun quiz correspondant
Distribution des résultats
% des personnes avec chaque résultat
Percentile par nombre de réponses
Votre historique - résultats
Vous n’avez pas pris ce quiz depuis la dernière actualisation